| 000 | 00535nam a22001817a 4500 | ||
|---|---|---|---|
| 999 |
_c8441 _d8442 |
||
| 008 | 200219b ||||| |||| 00| 0 eng d | ||
| 020 | _a9788131772843 | ||
| 082 | _a822 OSB | ||
| 100 | _aOsborne, John | ||
| 245 |
_aLook back in Anger : _bWith an introduction , annotations and critical essays. |
||
| 250 | _aLongman Study Edition. | ||
| 260 |
_aLondon : _bFaber & Faber, _c2016. |
||
| 300 |
_axxxix, 159 p. _c20 cm. |
||
| 500 | _aIncludes Bibliography. | ||
| 650 | _a Drama in English | ||
| 700 | _aPrasad, G.J.V. | ||
| 942 | _2ddc | ||